1679 1615 1872 1992 1127 1746 1021 1075 1621 1156 1418 1255 1554 1005 1111 1864 1169 1970 1361 1526 1463 1105 1179 1173 1119 1481 1180 1606 1185 1394 1769 1087 1736 1980 1016 1586 1776 1965 1872 1757 1469 1528 1973 1384 1746 1454 1035 1453 1598 1869 1938 1094 1145 1670 1198 1006 1663 1317 1669 1793 1480 1928 1789 1287 1814 1000 1610 1464 1154 1772 1560 1019 1313 1858 1037 1395 1898 1032 1704 1072 1475 1268 1168 1841 1867 1676 1390 1648 1032 1684 1155 1588 1401 1740 1941 1622 1885 1501 1623 BCNSPRNW ULIB Ver.6.0+V

เปลี่ยนเป็นภาษาไทย

Change to English
 แสดงรายละเอียดบรรณานุกรม
  กลับหน้าหลัก

Brief Record : Get Marc (ISO 2709) : E-mail record : QR code < ปิดหน้าต่าง
LEADER : 00000nam 2200000uu 4500
001    13399109591
003     ULIB
008    110405s2543||||th 000 0 tha d
020    9743890254
060 04 WB395^bก567อ 2543
100 0  กำพล ศรีวัฒนกุล
245 10 อ้วนไขมัน /^cกำพล ศรีวัฒนกุล
260    กรุงเทพฯ :^bSkybook,^c2543
300    159 หน้า :^bภาพประกอบ
650  7 อ้วน
650  7 ไขมันส่วนเกิน
650  7 ลดน้ำหนัก
945    ^p150^l0^i019034
995    ทศพร
999 ^a ใช้งานได้ทุกระบบ
รายการนี้ยังไม่มีแท็ก
คุณยังไม่ได้ล็อกอิน คุณสามารถมีกิจกรรมร่วมกับเว็บไซต์ได้ แต่ต้องล็อกอินก่อน ::
  ล็อกอิน

รายการสื่อสารสนเทศ

ลำดับที่ ประเภท เลขเรียก/บาร์โค้ด สถานที่ สถานะ
- ไม่พบข้อมูล -

รายการใกล้เคียง
    ผู้แต่ง [กำพล ศรีวัฒนกุล]

    หัวเรื่อง [อ้วน]
    หัวเรื่อง [ลดน้ำหนัก]

BibComment


ยังไม่เคยถูกคอมเมนท์

คอมเมนท์ทรัพยากรรายการนี้
  คอมเมนท์: อ้วนไขมัน กำพล ศ..


 Copyright 2026. Bcnsprnw @Library